| 000 | 00371nam a2200157Ia 4500 | ||
|---|---|---|---|
| 999 |
_c40385 _d40385 |
||
| 003 | 0100 | ||
| 005 | 20190219091040.0 | ||
| 008 | 130303s9999 xx 000 0 und d | ||
| 040 | _cARRUPELIB | ||
| 050 | _aD16.9.M274 1965 | ||
| 100 |
_aManuel, Frank E _944730 |
||
| 245 |
_aShapes of Philosophical History _cFrank E. Manuel |
||
| 260 |
_aLondon _bGeorge, Allen and Unwin Ltd. _c1965 |
||
| 300 |
_a166p. ; _c22cm. |
||
| 942 |
_2lcc _cMONOGRAPH |
||